000 00653nam a2200241Ia 4500
003 OSt
005 20220924113130.0
006 a|||||r|||| 00| 0
007 ta
008 220923b |||||||| |||| 00| 0 eng d
024 _a62073
037 _cDictionary
040 _aARTS
_cARTS
_beng
041 _2eng
_aeng
082 _aP498:4k, 111L5
100 _aGoldstein M C
_973185
245 0 _aTibetan English dictionary of modern Tibetan
260 _aKathmandu
_bRatna Pustak
_c1975
300 _a1234p.
_ccm.
650 _aLINGUISTICS
942 _hP498:4k, 111L5
_cdic
_2cc
999 _c389332
_d389332